LEADER 01124nam a2200265 i 4500 001 991001387629707536 008 051216s2005 it 000 0 ita d 020 $a8849510438 035 $ab1336487x-39ule_inst 040 $aDip.to Studi Giuridici$bita 082 0 $a346.4502 100 1 $aVillanacci, Gerardo$0235921 245 10$aConfideiussione e obbligazione solidale /$cGerardo Villanacci 260 $aNapoli [etc.] :$bEdizioni scientifiche italiane,$c[2005] 300 $a99 p. ;$c24 cm 440 0$aQuaderni della Rassegna di diritto civile 504 $aInclude riferimenti bibliografici (p. 95-97) 650 4$aObbligazioni solidali$zItalia 907 $a.b1336487x$b23-02-12$c16-12-05 912 $a991001387629707536 945 $aLE025 ECO 346 VIL01.01$g1$i2025000232815$lle025$n2010$o-$pE9.00$q-$rl$s- $t0$u0$v0$w0$x0$y.i15105040$z07-04-10 945 $aLE027 346.45 VIL02.01$g1$i2027000113873$lle027$o-$pE9.00$q-$rl$s- $t0$u0$v0$w0$x0$y.i14169903$z16-12-05 996 $aConfideiussione e obbligazione solidale$9757330 997 $aUNISALENTO 998 $ale025$ale027$b16-12-05$cm$da $e-$fita$git $h0$i0 LEADER 03840 am 2200553 n 450 001 9910131549903321 005 20141107 010 $a2-11-139799-7 035 $a(CKB)3710000000491101 035 $a(FrMaCLE)OB-deps-336 035 $a(oapen)https://directory.doabooks.org/handle/20.500.12854/47095 035 $a(PPN)189312866 035 $a(EXLCZ)993710000000491101 100 $a20150921j|||||||| ||| 0 101 0 $afre 135 $auu||||||m|||| 181 $ctxt$2rdacontent 182 $cc$2rdamedia 183 $acr$2rdacarrier 200 10$aÉvaluation des politiques publiques : trois illustrations dans le champ culturel /$fThibault Brodaty 210 $aParis $cDépartement des études, de la prospective et des statistiques$d2014 215 $a1 online resource (12 p.) 330 $aL?évaluation des politiques publiques permet de mesurer l?effectivité de la mise en ?uvre d?une mesure et son efficacité, évaluée selon les objectifs définis et justifiant l?intervention publique. Les méthodologies d?évaluation des politiques publiques peuvent être de différentes natures et les sciences économiques disposent d?outils permettant une évaluation d?ordre économétrique. Comparer directement les bénéficiaires et les non-bénéficiaires d?une mesure fournit une évaluation biaisée dans la mesure où ces deux groupes ont en général des caractéristiques différentes. Les méthodes économétriques ont en commun de résoudre ce problème en permettant de raisonner « toutes choses égales par ailleurs », c?est-à-dire d?isoler l?effet de la mesure afin d?en apprécier l?impact propre. Conformément au modèle causal de Rubin, l?évaluation consiste ainsi à comparer la situation que l?on peut observer avec celle que l?on observerait en l?absence d?intervention publique. Cette dernière, appelée situation contrefactuelle, est fondamentalement inobservable et tout l?enjeu des méthodes économétriques est d?en fournir une estimation la plus précise possible. Les trois outils les plus classiques sont présentés ici et illustrés par trois dispositifs d?intervention publique dans le champ de la culture : le label LIR, le dispositif École et cinéma et le crédit d?impôt audiovisuel. Dans le cas du label LIR, il est proposé d?évaluer si le label a permis à certaines librairies d?améliorer leur taux de rentabilité. Le label LIR permet d?exposer théoriquement la méthode des différences de différences ou estimateur en double différences, qui consiste à comparer avant et après la création du label les librairies labellisées et non labellisées pour évaluer son efficacité. Avec le dispositif École et cinéma, l?évaluateur se demande si le programme a permis de développer le goût des enfants pour le cinéma en analysant le taux de fréquentation annuelle des salles obscures des jeunes adultes.? 517 $aÃ?valuation des politiques publiques 517 $aÉvaluation des politiques publiques 606 $aCultural studies 606 $aEconomics (General) 606 $arégulation 606 $apolitiques publiques 606 $aculture 606 $aévaluation 606 $aregulation 606 $apublic policies 610 $aregulation 610 $apublic policies 615 4$aCultural studies 615 4$aEconomics (General) 615 4$arégulation 615 4$apolitiques publiques 615 4$aculture 615 4$aévaluation 615 4$aregulation 615 4$apublic policies 700 $aBrodaty$b Thibault$01313960 801 0$bFR-FrMaCLE 906 $aBOOK 912 $a9910131549903321 996 $aÉvaluation des politiques publiques : trois illustrations dans le champ culturel$93031553 997 $aUNINA LEADER 02987nam 2200481 450 001 9910792867103321 005 20230809223505.0 035 $a(CKB)3710000001134236 035 $a(MiAaPQ)EBC4835292 035 $a(DLC) 2017030998 035 $a(EXLCZ)993710000001134236 100 $a20170425h20172017 uy 0 101 0 $aeng 135 $aurcnu|||||||| 181 $2rdacontent 182 $2rdamedia 183 $2rdacarrier 200 14$aThe abstraction engine $eextracting patterns in language, mind and brain /$fMichael Fortescue 210 1$aAmsterdam, [Netherlands] ;$aPhiladelphia, [Pennsylvania] :$cJohn Benjamins Publishing Company,$d2017. 210 4$d©2017 215 $a1 online resource (200 pages) $cillustrations 225 1 $aAdvances in Consciousness Research ;$v94 311 $a90-272-1361-5 311 $a90-272-6584-4 320 $aIncludes bibliographical references and index. 327 $aIntroduction: Abstraction all the way down -- Language, abstract and less abstract -- CoGnitive linguistics: Language embodied -- Abstraction, metaphor and cultural context -- The abstraction of events in narrative and memory -- Pre-linguistic abstraction and projection: perception and imagination -- The feel of things: abstract emotion -- Neurological underpinnings: the world seen through hidden layers -- Abstraction at work: It's child's play -- The philosophical approach -- Abstraction all the way up: its evolutionary purpose. 330 8 $aThe main thesis of this book is that abstraction, far from being confined to higher forms of cognition, language and logical reasoning, has actually been a major driving force throughout the evolution of creatures with brains. It is manifest in emotive as well as rational thought. Wending its way through the various facets of abstraction, the book attempts to clarify - and relate - the often confusing meanings of the word 'abstract' that one may encounter even within the same discipline. The unusual synoptic approach, which draws upon research in psychology, neural network theory, child language acquisition, philosophy and consciousness studies, as well as a variety of linguistic disciplines, cannot be compared directly to other books on the market that touch upon just one particular aspect of abstraction. It is aimed at a wide readership - anyone interested in the nature of abstraction and the cognitive processing and purpose behind it--$cSource other than Library of Congress. 410 0$aAdvances in consciousness research ;$v94. 606 $aAbstraction 606 $aThought and thinking 606 $aNeurolinguistics 615 0$aAbstraction. 615 0$aThought and thinking. 615 0$aNeurolinguistics. 676 $a153.24 700 $aFortescue$b Michael$0662476 801 0$bMiAaPQ 801 1$bMiAaPQ 801 2$bMiAaPQ 906 $aBOOK 912 $a9910792867103321 996 $aThe abstraction engine$93793896 997 $aUNINA LEADER 04611oam 2200673zu 450 001 9910163966003321 005 20250704121042.0 035 $a(CKB)3240000000093929 035 $a(SSID)ssj0000809076 035 $a(PQKBManifestationID)12342073 035 $a(PQKBTitleCode)TC0000809076 035 $a(PQKBWorkID)10811739 035 $a(PQKB)10748413 035 $a(MiAaPQ)EBC3227188 035 $a(MiAaPQ)EBC6326454 035 $a(Au-PeEL)EBL6326454 035 $a(OCoLC)888266195 035 $a(NyNyDIG)DIGIBE0004 035 $a(EXLCZ)993240000000093929 100 $a20160829d2012 uy 101 0 $aspa 135 $aurcnu|||||||| 181 $ctxt 182 $cc 183 $acr 200 10$aJerusalén y Toledo : historia de dos ciudades 205 $a1st ed. 210 31$a[Place of publication not identified]$cIberoamericana$d2012 215 $a1 online resource (281 pages) 225 1 $aFuera de Colección Series 300 $aBibliographic Level Mode of Issuance: Monograph 311 08$a84-8489-653-6 327 $aTapa Delantera -- La mitad-Ti?tulo de la pa?gina -- Ti?tulo de la pa?gina -- Copyright pa?gina -- I?ndice -- Pro?logo -- ¿Por que? el Zohar fue escrito en arameo? Sobre la ecologi?a del a?mbito lingu?i?stico judi?o castellano en el siglo XIII -- El poeta canta en dos lenguas: la jarcha y su muwassah -- Toledo y Jerusale?n: hitos, mitos y utopi?as -- La imagen del otro (el judi?o, el musulma?n) en la Historia de los Templos de Espan?a de Be?cquer -- La materia hebrea en Cubillo de Arago?n -- Cervantes regresa a Toledo: algunas reflexiones sobre el capi?tulo I, 9 del Quijote, traducido por un morisco aljamiado -- «Todas estas piedras, toda esta tristeza»: Jerusale?n en la poesi?a de Yehuda Amijai -- Percepciones de lo judi?o entre los disidentes espan?oles del siglo XVI -- Algunas calas en la lengua del Romancero sefardi? -- Fortuna ibero-medieval de un epigrama a?rabe -- De la geografi?a literaria a la geografi?a histo?rica (siglos XV-XVI) -- Los judi?os en Toledo durante la Edad Media: luces y sombras de una convivencia -- E?xodo, 15: redencio?n de la esclavitud -- La importancia del medio toledano en la literatura del Siglo de Oro (El ine?dito Teatro pastoril de Luis Hurtado de Toledo) -- Toledo en la narrativa del 98 y del Regeneracionismo: Camino de perfeccio?n (1902) de Pi?o Baroja y Toledo: Piedad (1920) de Fe?lix Urabayen -- Elementos para una historia lingu?i?stica de los judi?os de Toledo en la Baja Edad Media -- De Toledo a Safed: el le?xico hispano del S ulha?n Arux y la identidad sefardi? en los textos hebreos de los expulsados -- La imagen de Jerusale?n en la pintura espan?ola del siglo XVI. Una reflexio?n sobre la iconografi?a de la Ciudad Santa -- Detra?s Tapa. 330 $aEste libro es una importante contribucio?n al dia?logo intercultural que configura el cu?mulo de historias que unen a ambas ciudades, emblema?ticas para las tradiciones cristiana y judi?a. Se trata de volver a leer y narrar ese dia?logo y esas historias, expresio?n de todo lo que han compartido estas ciudades en su pasado, pero tambie?n de lo mucho que tienen por compartir en su presente y en su futuro. Historias de dos ciudades que se miran al espejo y vuelven a reconocerse. Las contribuciones aqui? reunidas conforman una pieza polifo?nica que aborda diversos aspectos lingu?i?sticos, histo?ricos, filolo?gicos o arti?sticos, entre otros. 410 0$aFuera de Colección Series 606 $aJews$zSpain$zToledo$xHistory$vCongresses 606 $aSpanish literature$xHistory and criticism$vCongresses 606 $aJudaism in literature$vCongresses 606 $aLanguages & Literatures$2HILCC 606 $aLiterature - General$2HILCC 607 $aToledo (Spain)$xIn literature$vCongresses 607 $aJerusalem$xIn literature$vCongresses 615 0$aJews$xHistory 615 0$aSpanish literature$xHistory and criticism 615 0$aJudaism in literature 615 7$aLanguages & Literatures 615 7$aLiterature - General 700 $aCasado Velarde$b Manuel$0481416 702 $aCasado Velarde$b Manuel 702 $aFine$b Ruth 702 $aMata Indurâain$b Carlos 712 02$aGRISO (Research group), 712 02$aUniversiòtah ha °Ivrit bi Yerushalayim 712 12$aCongreso Internacional "Jerusalâen y Toledo. Historias de Dos Ciudades" 801 0$bPQKB 906 $aBOOK 912 $a9910163966003321 996 $aJerusalén y Toledo : historia de dos ciudades$91906107 997 $aUNINA